000 00445nmm a2200157Ia 4500
008 251105s9999||||xx |||||||||||||||||und||
020 _a9788491805526
041 _aspa
100 _aHuerta Ramón, Ricard
245 0 _aArte para primaria
264 _a[Madrid, España] :
_bUniversitat Oberta de Catalunya,
_c2019
300 _a192 páginas
650 _aEducation
856 _uhttps://public.digitaliapublishing.com/a/61773
942 _cCF
999 _c88714
_d88714